| 000 | 02370cam a2200373 i 4500 | ||
|---|---|---|---|
| 001 | 23074853 | ||
| 005 | 20250417092919.0 | ||
| 008 | 230420s2023 enka b 001 0 eng | ||
| 010 | _a 2023937048 | ||
| 020 | _a9781035311309 | ||
| 020 | _a9781035311323 | ||
| 020 | _z9781035311316 | ||
| 041 | _aeng | ||
| 042 | _apcc | ||
| 082 | _a658.872 LAH | ||
| 100 | 1 | _aLahtinen, Niko, | |
| 245 | 1 | 0 | _aDigital Marketing Strategy: Create Strategy, Put it into Practice, Sell More |
| 264 | 1 |
_aCheltenham, UK ; _aNorthampton, MA, USA : _bEdward Elgar Publishing, _c[2023] |
|
| 300 |
_axiv, 154 pages :26 cm _billustrations (some color) ; |
||
| 336 |
_atext _btxt _2rdacontent |
||
| 337 |
_aunmediated _bn _2rdamedia |
||
| 338 |
_avolume _bnc _2rdacarrier |
||
| 504 | _aIncludes bibliographical references (pages 143-147) and index. | ||
| 520 | _a"This cutting-edge book presents a detailed overview of digital marketing strategy, which has evolved following rapid digitalization that occurred during the COVID-19 pandemic. Providing detailed examinations of different digital marketing techniques, it demonstrates how organizations' digital marketing strategies can be developed and implemented. Digital Marketing Strategy features a thorough analysis of how digital marketing can be utilized to increase sales through new customer acquisition and through increasing the life cycle value of its existing customers. Chapters explore how buyer personas can be used to frame marketing as an advantageous service. Ultimately, this instructive book highlights that the core of digital marketing is based on market analysis, the value proposition built on it, and observed competitive advantage. With fresh insights into the developing areas of content and influencer marketing, this book will be of immense worth to students and scholars studying digital marketing strategy. It will also be highly applicable to those working in the field of digital marketing who promote products and services that require buyer judgement"-- | ||
| 650 | 0 | _aInternet marketing. | |
| 650 | 0 | _aDigital media. | |
| 650 | 0 | _aMarketing | |
| 700 | 1 | _aPulkka, Kimmo, | |
| 700 | 1 | _aKarjaluoto, Heikki, | |
| 700 | 1 | _aMero, Joel, | |
| 906 |
_a7 _bcbc _corignew _d2 _eepcn _f20 _gy-gencatlg |
||
| 942 | _cBK | ||
| 999 |
_c43594 _d43594 |
||